LIBRARY & INFORMATION CENTRE, KCAET, TAVANUR

ONLINE PUBLIC ACCESS CATALOGUE (OPAC)

Human Embryology / (Record no. 1190)

MARC details
000 -LEADER
fixed length control field 00367cam a2200145ua 4500
041 ## - LANGUAGE CODE
Language code of text/sound track or separate title eng
082 ## - DEWEY DECIMAL CLASSIFICATION NUMBER
Classification number 612.64
Item number PAT/HU
100 ## - MAIN ENTRY--AUTHOR NAME
Personal name Patten, Bradley.M .
245 ## - TITLE STATEMENT
Title Human Embryology /
260 ## - PUBLICATION, DISTRIBUTION, ETC. (IMPRINT)
Place of publication London :
Name of publisher Mc Graw Hill Book Company ,
Year of publication 1946.
300 ## - PHYSICAL DESCRIPTION
Number of Pages 798 ; .
942 ## - ADDED ENTRY ELEMENTS (KOHA)
Koha item type Books
Holdings
Withdrawn status Lost status Damaged status Home library Current library Date acquired Full call number Accession Number Koha item type
Withdrawn     KAUAET KAUAET 07/04/2012 612.64 8069 Books
free website counter